00742nam a2200205 a 450000100100000000500170001000800410002704000250006808200200009310000470011324500490016026000370020930000220024650000650026865000310033365000280036404900090039295201180040199900170051900001122420240412074224.0091015s1987 dr 000 p spa d aDO-SdBNPbspacBNPHU aRD861.44bR696l1 aRodríguez Muñoz, Ana K.,d1967-92678610aLazos de vida /cAna K. Rodríguez Muñoz. aSanto Domingo :bÁngel,c1987. a48 p. : ;c21 cm. aIncluye datos biográficos de la autora en la contraportada 0aLiteratura dominicana.967 0aPoesía dominicana966 aBNPD 0010718PDaPDbPDcCTd2009-10-15iLF1l0oRD861.44 R696lp11224-10r2020-06-25w2020-06-25yLFPDZNo se presta c10943d10943